Reglamentaciones de trabajo y ordenanzas laborales: la sustitución en convenio colectivo/
Bewaard in:
| Hoofdauteur: | |
|---|---|
| Formaat: | Boek |
| Taal: | Spanish |
| Tags: |
Voeg label toe
Geen labels, Wees de eerste die dit record labelt!
|
MARC
| LEADER | 00000nam a22000007a 4500 | ||
|---|---|---|---|
| 003 | cru CIDCACS/IIS | ||
| 005 | 20180404132905.0 | ||
| 007 | ta | ||
| 008 | 180404s1993 sp |||p|r||||||0| ||spa|d | ||
| 999 | |c 41212 |d 41212 | ||
| 040 | |c cru CIDCACS/IIS | ||
| 100 | 1 | |9 6867 |a Varas, Pilar | |
| 245 | 1 | |a Reglamentaciones de trabajo y ordenanzas laborales: |b la sustitución en convenio colectivo/ |c Pilar Varas | |
| 300 | |a página 19 | ||
| 773 | 0 | |0 41203 |9 1927 |a Confederación Sindical de CC.OO |d España: Confederación Sindical de CC.OO |o 15049 |t Gaceta Sindical / | |
| 942 | |2 ddc |c PP | ||
